Normal view
MARC view
- Heads of state
Entry Topical Term
001 - CONTROL NUMBER
- control field: 49338
003 - CONTROL NUMBER IDENTIFIER
- control field: NUST
005 - DATE AND TIME OF LATEST TRANSACTION
- control field: 20210314134315.0
008 - FIXED-LENGTH DATA ELEMENTS
- fixed length control field: 210314|| aca||aabn | a|a d
040 ## - CATALOGING SOURCE
- Original cataloging agency: NUST
- Transcribing agency: NUST
150 ## - HEADING--TOPICAL TERM
- Topical term or geographic name entry element: Heads of state
- Geographic subdivision: France
670 ## - SOURCE DATA FOUND
- Source citation: Work cat.: (NUST): Scott, Walter, 49337, Life of Napoleon Buonaparte, 1843
